000 01200cad a22002775a 4500
001 L158643
008 130206s2015 xxk f 000 0 eng d
020 _a9781783211029
035 _a(Sirsi) u158643
041 0 _aeng
110 2 _aRoyal Institution of Chartered Surveyors
_94900
245 _aValuation of intellectual property rights
_c[old edition]
260 _aLondon
_bRICS
_c2015
300 _a16p.
490 0 _aRICS Guidance Note
520 _aCovers the valuation of intellectual property (IP), a subset of intangible assets. Its purpose is to expand on IVS 2013 and the Red Book in order to clarify the legal, functional and economic characteristics of IP that should be considered and reported on in an IP valuation. Effective from 20 May 2015.
590 _aKA
650 2 4 _aINTELLECTUAL PROPERTY
650 2 4 _aINTERNATIONAL VALUATION STANDARDS
650 2 4 _aRICS valuation standards
651 4 _aInternational
690 _aValuation
_96273
700 1 _aHerbeden, Tim
856 _uhttps://www.isurv.com/downloads/file/6471/archive_valuation_of_intellectual_property_rights_1st_edition
_zArchived copy available on iSurv (subscription required)
942 _n0
_2ddc
999 _c115431
_d115431